Teológia a sociálne otázky

Salvato in:
Dettagli Bibliografici
Altri autori: Uháľ, Martin
Natura: Libro
Lingua:slovacco
Pubblicazione: Brno Nakladatelství Cesta 2008
Soggetti:
Tags: Aggiungi Tag
Nessun Tag, puoi essere il primo ad aggiungerne!!

MARC

LEADER 00000nam$a2200000$$$4500
001 0093794
005 20221207101341.8
020 |a 978-80-7295-109-3 
041 0 |a slo 
044 |a SK 
245 1 0 |a Teológia a sociálne otázky  |c editor: Martin Uháľ 
264 1 |a Brno  |b Nakladatelství Cesta  |c 2008 
300 |a 260 s. 
610 2 0 |a náboženstvo 
610 2 0 |a teológia 
610 2 0 |a problémy spoločenské 
610 2 0 |a politika sociálna 
610 2 0 |a rodina 
610 2 0 |a sociológia 
610 2 0 |a filozofia 
610 2 0 |a práca sociálna 
610 2 0 |a starostlivosť o prestárlych 
610 2 0 |a morálka 
610 2 0 |a solidarita 
610 2 0 |a dokumenty 
610 2 0 |a cirkev 
610 2 0 |a Rómovia 
610 2 0 |a Wojtyla, K. 
700 1 |a Uháľ, Martin